000 01119nam a22002657a 4500
999 _c6607
_d6607
003 OSt
005 20200227114827.0
008 200227s1992 ck a|||gr|||| 00| j spa d
020 _a9589096239
040 _aCO-JMCR
_cCO-JMCR
041 0 _aspa
082 0 4 _aC /
_bESPh
100 1 _aEspaña, Gonzalo,
_eautor
_9213
245 1 0 _aHistoria imaginaria :
_bde sucesos extraordinarios /
_cGonzalo España ; ilustraciones Cristina Salazar
250 _aPrimera edición
260 _aBogotá :
_bTres Culturas Editores,
_c1992
300 _a96 páginas :
_bilustraciones a color ;
_c25 cm.
500 _aIncluye datos biográficos del autor.
505 0 _aLa señal (México) -- Sed bienvenida, princesa (Perú) -- Gratitud de coyote (Estados Unidos) -- Nom Serviam (México) -- Vicisitudes de la moda (Colombia) -- Las manadas de visiones (Paraguay) -- Terror en la catedral (Colombia)
650 1 4 _aCuentos colombianos
_9963
650 1 4 _aFicción paranormal
_xcuentos
_9964
650 1 4 _aFicción fantástica hispanoamericana
_xcuentos
_9965
700 1 _aSalazar, Cristina,
_eilustradora
_9966
942 _2ddc
_cBK